书目信息 |
| 题名: |
通信工程 (专业) 概论
|
|
| 作者: | 张毅 , 郭亚利 主编 | |
| 分册: | ||
| 出版信息: | 武汉 武汉理工大学出版社 2019.08 |
|
| 页数: | 224页 | |
| 开本: | 21cm | |
| 丛书名: | 普通高校 —— 电气信息 —— 专业概论 | |
| 单 册: | ||
| 中图分类: | TN91 | |
| 科图分类: | ||
| 主题词: | 通信工程--tong xin gong cheng--高等学校--教材 | |
| 电子资源: | ||
| ISBN: | 978-7-5629-6105-5 | |
| 000 | 01422nam 2200301 450 | |
| 001 | CAL 0120192840998 | |
| 005 | 20190917152328.6 | |
| 010 | @a978-7-5629-6105-5@dCNY30.00 | |
| 100 | @a20190916d2019 em y0chiy50 ea | |
| 101 | 0 | @achi |
| 102 | @aCN@b420000 | |
| 105 | @aa a 000yy | |
| 106 | @ar | |
| 200 | 1 | @a通信工程 (专业) 概论@Atong xin gong cheng ( zhuan ye ) gai lun@f主编张毅, 郭亚利@Fzhu bian zhang yi , guo ya li |
| 205 | @a第2版 | |
| 210 | @a武汉@c武汉理工大学出版社@d2019.08 | |
| 215 | @a224页@c图@d21cm | |
| 225 | 2 | @a普通高校 —— 电气信息 —— 专业概论@Apu tong gao xiao —— dian qi xin xi —— zhuan ye gai lun |
| 320 | @a有书目 | |
| 330 | @a本教材是为引导学生正确认识和理解通信工程专业而设置的一门课程。目的是通过专业课程的学习使学生认识所学专业的性质、特点以及所学技术的作用和地位, 了解所学专业的培养目标和教学内容, 树立正确的专业思想和学习观, 为今后在校学习, 激发自己的学习潜力, 打下良好的思想和方法基础。本书共分10章, 介绍了培养目标与专业素质要求, 通信的历史演进和应用, 对通信的认识, 通信工程专业培养目标、要求、课程体系及课程设置, 通信工程专业主要课程, 如何学好通信工程专业。 | |
| 410 | 0 | @12001 @a普通高校 —— 电气信息 —— 专业概论 |
| 586 | @a | |
| 606 | 0 | @a通信工程@Atong xin gong cheng@x高等学校@j教材 |
| 690 | @aTN91@v5 | |
| 701 | 0 | @a张毅@Azhang yi@4主编 |
| 701 | 0 | @a郭亚利@Aguo ya li@4主编 |
| 801 | 0 | @aCN@c20190916 |
| 905 | @a河南城建学院图书馆@dTN91@eZ223=2@f2 | |
| 通信工程 (专业) 概论/主编张毅, 郭亚利.-第2版.-武汉:武汉理工大学出版社,2019.08 |
| 224页:图;21cm.-(普通高校 —— 电气信息 —— 专业概论) |
| ISBN 978-7-5629-6105-5:CNY30.00 |
| 本教材是为引导学生正确认识和理解通信工程专业而设置的一门课程。目的是通过专业课程的学习使学生认识所学专业的性质、特点以及所学技术的作用和地位, 了解所学专业的培养目标和教学内容, 树立正确的专业思想和学习观, 为今后在校学习, 激发自己的学习潜力, 打下良好的思想和方法基础。本书共分10章, 介绍了培养目标与专业素质要求, 通信的历史演进和应用, 对通信的认识, 通信工程专业培养目标、要求、课程体系及课程设置, 通信工程专业主要课程, 如何学好通信工程专业。 |
| ● |
| 相关链接 |
|
|
|
正题名:通信工程 (专业) 概论
索取号:TN91/Z223=2
 
预约/预借
| 序号 | 登录号 | 条形码 | 馆藏地/架位号 | 状态 | 备注 |
| 1 | 1415701 | 214157017 | 自科库301/301自科库 33排4列2层/ [索取号:TN91/Z223=2] | 在馆 | |
| 2 | 1415702 | 214157026 | 自科库301/301自科库 33排4列2层/ [索取号:TN91/Z223=2] | 在馆 |